Takuhai Spirits!

I tiakina i:
Ngā taipitopito rārangi puna kōrero
Ētahi atu kaituhi: Matsu, Takeshi
Hōputu: Pukapuka
Reo:Ingarihi
I whakaputaina: Bologna Renbooks 2013
Ngā Tūtohu: Tāpirihia he Tūtohu
Kāore He Tūtohu, Me noho koe te mea tuatahi ki te tūtohu i tēnei pūkete!

MARC

LEADER 00000nam a2200000 4500
005 20240625104809.0
008 231031b |||||||| 6||| 00| 0 eng d
020 |a 8899744076 
040 |c C 
082 |a 741.5952 
245 |a Takuhai Spirits! 
260 |a Bologna  |b Renbooks  |c 2013 
690 |a Fumetti 
700 |a Matsu, Takeshi 
942 |2 ddc  |c BK  |n 0 
952 |0 0  |1 4  |2 ddc  |4 0  |6 741_500000000000000_MAT_TAK  |7 0  |9 29  |a GE  |b GE  |d 2015-07-22  |l 0  |o 741.5 MAT TAK  |p 2441  |r 2023-10-31 22:38:41  |w 2023-10-31  |y BK 
999 |c 27  |d 27